| Registos Bibliográficos associados ao registo de autoridade |
|
Etiqueta de registo: 00254nam 2200025 450 001 2288241 003 http://id.bnportugal.gov.pt/bib/catbnp/2288241 100 ## $a20260619d2021 k y0pory01030103ba 101 0# $apor$deng 102 ## $aPT 105 ## $ay m 000yy 106 ## $ar 200 1# $aCinema relacional$ecinema como diá logo em uma "triologia do encontro"$fNycolas dos Santos Albuquerque$gorient. Marta Maria Lopes Cordeiro, Maria Forjaz de Sampaio Sequeira Mendes 210 #9 $aLisboa$c[s.n.],$d2021 215 ## $a198 p.$d30 cm 328 #1 $aTese doutroramento Artes, Universidade de Lisboa, Faculdade de Belas-Artes, Faculdade
de Letras, Instituto de Ciências Socias, Instituto de Educação, 2021 700 #1 $aAlbuquerque,$bNycolas dos Santos $32001001 702 #1 $aCordeiro,$bMarta Maria Lopes$4727$31316392 801 #0 $aPT$bBN$gRPC 966 ## $lBN$mFGMON$x1 971 ## $cjbeatriz$d20260618
|
|
|